000 00432nam a22001457a 4500
999 _c4479
_d4479
008 200806b ||||| |||| 00| 0 eng d
082 0 0 _a510.246238
_bR353
100 _93573
_aReid, David M.
245 1 0 _aPractical mathematics for marine engineers /
_cby David M. Reid and G. T. H. Flanagan
260 _aGlasgow:
_bJames Munro,
_c?
300 _a228 p.
650 0 _aMathematics
700 _91263
_aFlanagan, G. T. H.
942 _cBK